| 000 | 00990cad a22002175a 4500 | ||
|---|---|---|---|
| 001 | E150550 | ||
| 008 | 100726s2010 xxk f s000 0 eng d | ||
| 020 | _a9780755995011 | ||
| 035 | _a(Sirsi) u150550 | ||
| 041 | 0 | _aeng | |
| 110 | 2 |
_aScotland _bScottish Government _95344 |
|
| 245 | 0 | 4 |
_aThe impact of population ageing on housing in Scotland _h[electronic resource] |
| 260 |
_aEdinburgh _bScottish Government _c2010 |
||
| 490 | 0 | _aAnalytical Paper Series | |
| 520 | _aLooks at the implications of an ageing population on housing in Scotland. Examines specialist housing stock, housing adaptations and support to enable people to stay in their home. Also discusses at the supply of specialist housing. | ||
| 590 | _aKA | ||
| 651 | 4 |
_aScotland _y1999- |
|
| 690 | _aPROPERTY-RESIDENTIAL PROPERTY-DOMESTIC RESIDENTIAL PROPERTY-HOUSING | ||
| 856 | 4 | 0 |
_uhttps://www.scotland.gov.uk/Publications/2010/07/20125707/0 _zView the consultation free of charge at www.scotland.gov.uk |
| 942 | _n0 | ||
| 999 |
_c110903 _d110903 |
||